Řízení intelektuálního kapitálu

Ľudia v organizácii. Rola personálneho manažmentu. Analýza pracovného miesta. Personálne plánovanie.Získavanie, výber a prijímanie zamestnancov. Interná mobilita zamestnancov. Hodnotenie zamestnanca. Vzdelávanie a rozvoj zamestnancov. Motivačný program.

Saved in:
Bibliographic Details
Main Author: Bureš, Vladimír
Format: Book Chapter
Language:Czech
Subjects:
Tags: Add Tag
No Tags, Be the first to tag this record!

MARC

LEADER 00000naa$a2200000$$$4500
001 0005923
005 20231004104253.6
041 0 |a cze 
044 |a CZ 
245 1 0 |a Řízení intelektuálního kapitálu  |c aut. Vladimír Bureš 
520 |a Ľudia v organizácii. Rola personálneho manažmentu. Analýza pracovného miesta. Personálne plánovanie.Získavanie, výber a prijímanie zamestnancov. Interná mobilita zamestnancov. Hodnotenie zamestnanca. Vzdelávanie a rozvoj zamestnancov. Motivačný program. 
610 2 0 |a kapitál ľudský 
610 2 0 |a zdroje ľudské 
610 2 0 |a kapitál intelektuálny 
610 2 0 |a práca s ľuďmi 
610 2 0 |a manažment personálny 
610 2 0 |a riadenie personálne 
610 2 0 |a plánovanie personálne 
610 2 0 |a výber pracovníkov 
610 2 0 |a hodnotenie pracovníkov 
610 2 0 |a motivácia pracovná 
610 2 0 |a rozvoj pracovníkov 
100 1 |a Bureš, Vladimír